000 00602 a2200205 4500
005 20241121125931.0
008 241121b |||||||| |||| 00| 0 eng d
020 _a9788197207723
_cRs. 795.00
040 _aMAIN
082 _a371.9
_bS87I
100 _aSoumya, V. S., ed.
245 _aInclusive education: Embracing diversity and empowering communities
260 _bKanishika Publication, Distributors
_c2024
_aNew Delhi
300 _aix, 206
650 _aSpecial Education
650 _aInclusive Education
650 _aEmpowering Communities
700 _aMaijy, P.J, ed.
942 _cBK
999 _c357305
_d357305